000 00521nam a2200169 a 4500
001 000028717
005 20200930055108.0
008 110411s1946 dr 000 0 spa d
040 _aDO-SdBNP
_bspa
_cBNPHU
082 _axxxx
_bC749
111 2 _aCongreso médico dominicano
_n(4to.
_d1946
_cSantiago, República Dominicana)
_955708
245 1 0 _aMemoria.
260 _aSantiago, República Dominicana :
_bEl Diario,
_c1946.
300 _av. ;
_c23 cm.
500 _aLa biblioteca posee los volumenes 1 y 2
049 _aBNPD
999 _c28209
_d28209